Las posibilidades de los futuros en la educación
Saved in:
| Main Authors: | , |
|---|---|
| Format: | Bog |
| Sprog: | spansk |
| Udgivet: |
Buenos Aires
Guadalupe
1977
|
| Serier: | Biblioteca pedagógica. Sección problemática de la educación, 41
|
| Fag: | |
| Tags: |
Tilføj Tag
Ingen Tags, Vær først til at tagge denne postø!
|
MARC
| LEADER | 00000nam a2200000 a 4500 | ||
|---|---|---|---|
| 001 | UCY8079 | ||
| 003 | CL-VaPUC | ||
| 008 | 950623e19770000AG |||||||||||||||||spa|d | ||
| 082 | 0 | 4 | |a 303.49 |b MAR |2 21 |
| 100 | |a Marien, Michael |e autor |9 339180 | ||
| 700 | 0 | |a Ziegler, Warren L |e author |9 339181 | |
| 245 | 1 | 4 | |a Las posibilidades de los futuros en la educación |
| 300 | |a 155 p | ||
| 942 | |c BK | ||
| 945 | |d 19950623 00:00:00 |a cmena | ||
| 260 | |a Buenos Aires |b Guadalupe |c 1977 | ||
| 650 | 7 | |a FUTUROLOGIA |2 CL-VaPUC |9 328866 | |
| 650 | 0 | |a Cambio social |9 256857 | |
| 650 | 7 | |a SOCIEDAD FUTURA |2 CL-VaPUC |9 334565 | |
| 650 | 0 | |a Predicción |9 334578 | |
| 650 | 0 | |a Planificación de la educación |9 307333 | |
| 650 | 0 | |a Estado y educación |9 311264 | |
| 651 | 7 | |a HAWAI |2 CL-VaPUC |9 339182 | |
| 583 | |a last modification |c 19950623 00:00:00 |k Rodrigo Vera | ||
| 490 | 0 | |a Biblioteca pedagógica. Sección problemática de la educación, 41 | |
| 999 | |c 235359 |d 235357 | ||
| 952 | |0 0 |1 0 |4 0 |6 303_490000000000000_MAR_1977 |7 0 |8 P |9 242730 |a BIBEDU |b BIBEDU |c BIBEDU_PB |d 2019-11-18 |i 1522175 |o 303.49 MAR 1977 |p 1522175 |r 2024-01-25 |w 2019-11-18 |y BK |k EDU | ||